सुमित्रानंदन पंत / (Record no. 12799)
[ view plain ]
| 000 -LEADER | |
|---|---|
| fixed length control field | 02126 a2200265 4500 |
| 005 - DATE AND TIME OF LATEST TRANSACTION | |
| control field | 20090519095935.0 |
| 008 - FIXED-LENGTH DATA ELEMENTS--GENERAL INFORMATION | |
| fixed length control field | 090519t xxu||||| |||| 00| 0 hind |
| 010 ## - LCCN (DPL NO) | |
| LC control number | B-297568-571 |
| 020 ## - INTERNATIONAL STANDARD BOOK NUMBER | |
| International Standard Book Number | 8181120124 |
| Terms of availability | 100.00 |
| 035 ## - SYSTEM CONTROL NUMBER | |
| System control number | B-297568-571 |
| 037 ## - SOURCE OF ACQUISITION | |
| Source of stock number/acquisition | पी.एन.प्रकाशन |
| 040 ## - CATALOGING SOURCE | |
| Original cataloging agency | DPL |
| Language of cataloging | HN |
| 082 ## - DEWEY DECIMAL CLASSIFICATION NUMBER | |
| Classification number | 821.092 |
| 100 ## - MAIN ENTRY--PERSONAL NAME | |
| Personal name | शर्मा, राजेश |
| 245 ## - TITLE STATEMENT | |
| Title | सुमित्रानंदन पंत / |
| Statement of responsibility, etc | राजेश शर्मा |
| 260 ## - PUBLICATION, DISTRIBUTION, ETC. (IMPRINT) | |
| Place of publication, distribution, etc | दिल्ली |
| Name of publisher, distributor, etc | पी.एन.प्रकाशन |
| Date of publication, distribution, etc | 2007 |
| 270 ## - ADDRESS | |
| Address | 518/6 बी, कड़कड़ी रोड, विश्वास नगर, शाहदरा |
| City | दिल्ली |
| State or province | दिल्ली |
| Postal code | 110032 |
| 300 ## - PHYSICAL DESCRIPTION | |
| Extent | 88पृ |
| Dimensions | 22 सेमी (सजिल्द) |
| Other physical details | सचित्र |
| 942 ## - ADDED ENTRY ELEMENTS (KOHA) | |
| Institution code [OBSOLETE] | dpl |
| Item type | Hindi Books |
| Call number prefix | / शर्मारा |
| Source of classification or shelving scheme | Dewey Decimal Classification |
| Classification part | 821.092 |
| Call number suffix | शर्मारा |
| Withdrawn status | Lost status | Source of classification or shelving scheme | Damaged status | Not for loan | Collection code | Home library | Current library | Date acquired | Source of acquisition | Cost, normal purchase price | Total Checkouts | Full call number | Barcode | Date last seen | Copy number | Cost, replacement price | Koha item type | Total Renewals |
|---|---|---|---|---|---|---|---|---|---|---|---|---|---|---|---|---|---|---|
| Dewey Decimal Classification | Non-fiction | Central Library | Central Library | 19/05/2009 | पी.एन.प्रकाशन/554/22.9.08/338/4.9.08/1.10.08 | 100.00 | 821.092 शर्मारा | B-297568 | 19/05/2009 | 1 | 100.00 | Hindi Books | ||||||
| Dewey Decimal Classification | Non-fiction | Karol Bagh | Karol Bagh | 19/05/2009 | पी.एन.प्रकाशन/554/22.9.08/338/4.9.08/1.10.08 | 100.00 | 821.092 शर्मारा | B-297570 | 19/05/2009 | 1 | 100.00 | Hindi Books | ||||||
| Dewey Decimal Classification | Non-fiction | Patel Nagar | Patel Nagar | 19/05/2009 | पी.एन.प्रकाशन/554/22.9.08/338/4.9.08/1.10.08 | 100.00 | 1 | 821.092 शर्मारा | B-297569 | 08/06/2019 | 1 | 100.00 | Hindi Books | 1 | ||||
| Lost and Paid For | Dewey Decimal Classification | Non-fiction | Shahdara Branch | Shahdara Branch | 19/05/2009 | पी.एन.प्रकाशन/554/22.9.08/338/4.9.08/1.10.08 | 100.00 | 821.092 शर्मारा | B-297571 | 19/05/2009 | 1 | 100.00 | Hindi Books |
